Zodpovednosť štátu a VÚC za životné prostredie - finančný aspekt bakalárska práca

Salvato in:
Dettagli Bibliografici
Autore principale: Valo, Dominika
Ente Autore: Národohospodárska fakulta EU. Katedra ekonómie
Altri autori: Pobudová, Daniela, 1982-
Natura: Libro
Lingua:slovacco
Pubblicazione: Bratislava 2021
Tags: Aggiungi Tag
Nessun Tag, puoi essere il primo ad aggiungerne!!

MARC

LEADER 00000nbm a2200000 4500
001 0275063
005 20220121144014.4
041 0 |a slo 
044 |a SK 
245 1 0 |a Zodpovednosť štátu a VÚC za životné prostredie - finančný aspekt  |b bakalárska práca  |c Dominika Valo ; školiteľ: Daniela Pobudová 
264 1 |a Bratislava  |c 2021 
300 |a 57 s. 
100 1 |a Valo, Dominika 
700 1 |a Pobudová, Daniela, 1982- 
710 2 |a Národohospodárska fakulta EU. Katedra ekonómie